<?xml version="1.0" encoding="UTF-8"?>
<record
    xmlns:xsi="http://www.w3.org/2001/XMLSchema-instance"
    xsi:schemaLocation="http://www.loc.gov/MARC21/slim http://www.loc.gov/standards/marcxml/schema/MARC21slim.xsd"
    xmlns="http://www.loc.gov/MARC21/slim">

  <leader>01742njm a2200289Ia 4500</leader>
  <controlfield tag="001">59848</controlfield>
  <controlfield tag="003">IT-RoPAU</controlfield>
  <controlfield tag="005">20220918181155.0</controlfield>
  <controlfield tag="008">131025s9999    xx            000 0 und d</controlfield>
  <datafield tag="040" ind1=" " ind2=" ">
    <subfield code="a">IT-RoPAU</subfield>
  </datafield>
  <datafield tag="040" ind1=" " ind2=" ">
    <subfield code="c">IT-RoPAU</subfield>
  </datafield>
  <datafield tag="041" ind1=" " ind2=" ">
    <subfield code="a">POLACCO</subfield>
  </datafield>
  <datafield tag="999" ind1=" " ind2=" ">
    <subfield code="c">102484</subfield>
    <subfield code="d">102484</subfield>
  </datafield>
  <datafield tag="999" ind1=" " ind2=" ">
    <subfield code="b">SI</subfield>
  </datafield>
  <datafield tag="100" ind1=" " ind2=" ">
    <subfield code="a">AA.VV.</subfield>
    <subfield code="9">794</subfield>
  </datafield>
  <datafield tag="100" ind1=" " ind2=" ">
    <subfield code="e">Autore musica</subfield>
    <subfield code="9">23068</subfield>
  </datafield>
  <datafield tag="100" ind1=" " ind2=" ">
    <subfield code="g">Codice autore musica SPICS: 12000</subfield>
    <subfield code="9">796</subfield>
  </datafield>
  <datafield tag="245" ind1=" " ind2=" ">
    <subfield code="a">Czerwono Czarni Z Archiwum Polskiego Beatu vol. 01</subfield>
  </datafield>
  <datafield tag="250" ind1=" " ind2=" ">
    <subfield code="a">1a ed.</subfield>
  </datafield>
  <datafield tag="260" ind1=" " ind2=" ">
    <subfield code="a">POLONIA</subfield>
  </datafield>
  <datafield tag="260" ind1=" " ind2=" ">
    <subfield code="b">MUZA</subfield>
    <subfield code="c">1987 [1a Ed.:1966]</subfield>
  </datafield>
  <datafield tag="300" ind1=" " ind2=" ">
    <subfield code="a">DISCO</subfield>
  </datafield>
  <datafield tag="500" ind1=" " ind2=" ">
    <subfield code="a">Musica rock. Musica polacca. Canzone polacca.</subfield>
  </datafield>
  <datafield tag="505" ind1=" " ind2=" ">
    <subfield code="a">Ani Mi Si&#x119; &#x15A;ni (Written By K. Winkler*, R. Poznakowski) - Czekoladowy Krem (Written By A. Krzewska, R. Poznakowski) Masz Takie Same Oczy Jak Ona (Written By K. Winkler, R. Poznakowski) - Sobota To M&#xF3;j Dzie&#x144; (Written By M. Karszowa, R. Poznakowski) - Sandwicz (Written By Z. Bizo&#x144;) - Cztery Maki (Written By K.Dzikowski, M. &#x15A;wi&#x119;cicki) - Ten Pierwszy Dzie&#x144; (Written By K. Dzikowski, R. Poznakowski) - Czy Krasnoludki S&#x105; Na &#x15A;wiecie (Written By H.Zomerski, K. Dzikowski) - M&#xF3;j Dom Gdzie&#x15B; Daleko (Written By J. Kondratowicz, R. Poznakowski) - Piosenka Z K&#xF3;&#x142;kiem (Written By K. Winkler, R. Poznakowski) - Trzysta Tysi&#x119;cy Gitar (Written By K. Dzikowski, M. Sart, W. M&#x142;ynarski) - Ma&#x142;y Ksi&#x105;&#x17C;&#x119; (Written By K.Dzikowski, R. Poznakowski) - Tato Kup Mi D&#x17C;insy (Written By K. Woli&#x144;ska, M. Sewen) - To Nie Grzech (Written By A. Kudelski, K.Sadowski) - Lot Trzmiela (Written By M. Rimski-Korsakow) - Jestem Ci&#x105;gle Sama (Written By  J. Daler, M. &#x15A;wi&#x119;cicki)</subfield>
  </datafield>
  <datafield tag="511" ind1=" " ind2=" ">
    <subfield code="a">Czerwono Czarni</subfield>
  </datafield>
  <datafield tag="650" ind1=" " ind2=" ">
    <subfield code="a">CANZONE POLACCA [DISCHI]</subfield>
    <subfield code="e">Codice MATERIA SPICS: 9950</subfield>
    <subfield code="9">23069</subfield>
  </datafield>
  <datafield tag="942" ind1=" " ind2=" ">
    <subfield code="c">MD</subfield>
    <subfield code="2">ddc</subfield>
  </datafield>
  <datafield tag="952" ind1=" " ind2=" ">
    <subfield code="0">0</subfield>
    <subfield code="1">0</subfield>
    <subfield code="4">0</subfield>
    <subfield code="6">59848_000000000000000</subfield>
    <subfield code="7">1</subfield>
    <subfield code="a">SPICS</subfield>
    <subfield code="b">SPICS</subfield>
    <subfield code="d">2013-10-25</subfield>
    <subfield code="l">0</subfield>
    <subfield code="o">59848</subfield>
    <subfield code="r">2013-10-25 00:00:00</subfield>
    <subfield code="w">2013-10-25</subfield>
    <subfield code="y">MD</subfield>
    <subfield code="z">Progr. Ins.: 15657 / N.Vol.: 1 / Copie: 1 - Copia rara: SI / date import: 01.01.2014 - By Epidotti, Trombetti, Vaglietti</subfield>
  </datafield>
</record>
